000 00559nam a22001577a 4500
999 _c533438
_d533438
020 _qHard Cover.
082 _a628.142
100 _aMuhammad Shahid.
245 _aEvaluation of Development and Land Use Change Impacts on Stream Flow and Sediment Yield in Margalla Hills /
_cMuhammad Shahid.
260 _aIslamabad:
_bSCEE - NUST.
_c2014.
300 _a124 p. :
_bill. ;
_c30cm.
942 _2ddc
_cTHE
650 _aWater Resource Engineering MS-Thesis.
_927319
700 _aDr. Hamza Farooq
_927180